Del origen de las sociedades / (Record no. 166286)

MARC details
000 -LEADER
campo de control de longitud fija 01085nam a22002415i 4500
001 - NÚMERO DE CONTROL
campo de control 166286
003 - IDENTIFICADOR DE NÚMERO DE CONTROL
campo de control ES-MaACL
005 - FECHA Y HORA DE LA ÚLTIMA TRANSACCIÓN
campo de control 20250805062615.0
008 - DATOS DE LONGITUD FIJA--INFORMACIÓN GENERAL
campo de control de longitud fija 940206s1823 sp |||| | spa d
040 ## - FUENTE DE CATALOGACIÓN
Centro catalogador/agencia de origen CAM
Lengua de catalogación spa
100 0# - ENTRADA PRINCIPAL--NOMBRE DE PERSONA
Nombre de persona Thorel, Jean Baptiste.
9 (RLIN) 133237
245 10 - MENCIÓN DEL TÍTULO
Título Del origen de las sociedades /
Mención de responsabilidad, etc. por Thorel ; traducida al español por el mismo que tradujo y publicó en 1813 la 2\sa\p ed. que dio a luz su respetado autor en 1809 con el título de Voz de la Naturaleza sobre el origen de los gobiernos.
250 ## - MENCION DE EDICION
Mención de edición 3\pa\s ed.
260 ## - PUBLICACIÓN, DISTRIBUCIÓN, ETC.
Lugar de publicación, distribución, etc. Madrid :
Nombre del editor, distribuidor, etc. [s.n.],
Fecha de publicación, distribución, etc. 1823 (
Fabricante Imp. Miguel de Burgos)
300 ## - DESCRIPCIÓN FÍSICA
Extensión 3 v. (318, [1] h. de lam. ; 360, 312 p.) ;
Dimensiones 24 cm.
505 8# - NOTA DE CONTENIDO CON FORMATO
Nota de contenido con formato t. I. Sobre la soberanía y los poderes -- t. II. Sobre la formación de los pueblos -- t. III. Sobre la libertad
650 #7 - PUNTO DE ACCESO ADICIONAL DE MATERIA--TÉRMINO DE MATERIA
Término de materia o nombre geográfico como elemento de entrada Sociología
Fuente del encabezamiento o término embne
9 (RLIN) 17195
700 11 - ENTRADA AGREGADA--NOMBRE PERSONAL
Nombre de persona Burgos, Miguel de,
Término indicativo de función/relación
9 (RLIN) 126239
740 0# - ENTRADA AGREGADA--TÍTULO RELACIONADO/ANALÍTICO NO CONTROLADO
Título relacionado o analítico no controlado Voz de la Naturaleza sobre el origen de los gobiernos.
752 ## - ENTRADA AGREGADA--NOMBRE JERÁRQUICO DEL LUGAR
País o entidad superior España -
Ciudad Madrid
852 ## - LOCALIZACIÓN
Ubicación ES-MaACL
Número de control de estantería G-11869-11871
Nota libre -- Enc. hol.
Holdings
Estatus retirado Estado de pérdida Estado de daño No para préstamo Colección Biblioteca de origen Biblioteca actual Ubicación en estantería Fecha de adquisición Fuente de adquisición Total de préstamos Signatura topográfica completa Código de barras Visto por última vez Precio de reemplazo Tipo de ítem Koha
        Libros del s. XIX Biblioteca del Ateneo de Madrid Biblioteca del Ateneo de Madrid Sala Pecera Planta 3 17/01/2008     G-11869-11871 1174387 23/02/2023 23/02/2023 Libro impreso antiguo